banner-ar

علم النفس الاكلنيكى / (Record no. 54860)

MARC details
000 -الفاتح
حقل البيانات ثابتة الطول 00618nam a2200193Ia 4500
008 - عناصر البيانات ثابتة الطول - معلومات عامة
حقل البيانات ثابتة الطول 140319s9999 xx 000 0 ara d
040 ## - مصدر الفهرسة
وكالة الفهرسة الأصلية GCL /
وكالة النسخ GCL
082 04 - رقم تصنيف ديوى العشرى
رقم التصنيف 157.9
رقم المادة ر ع
100 1# - المدخل الرئيسى - إسم شخصى
الإسم الشخصى محمد عثمان نجاتى
245 10 - بيان العنوان
العنوان علم النفس الاكلنيكى /
بيان المسئوليه,etc محمد عثمان نجاتى
700 1# - المدخل الاضافى - اسم شخصى
الإسم الشخصى عطية محمود هنا
700 1# - المدخل الاضافى - اسم شخصى
الإسم الشخصى روتر، جوليان
260 ## - PUBLICATION, DISTRIBUTION, ETC. (IMPRINT)
تاريخ النشر أو التوزيع 1989
300 ## - الوصف المادى
التعداد 203
490 ## - بيان السلسلة
عنوان السلسلة مكتبة اصول علم النفس الحديث
رقم المجلد/ التعيين التسلسلي 0
650 04 - المدخل الاضافى بالموضوع-مصطلح موضوعى
مصطلح موضوعي علم النفس العلاجى
942 ## - عناصر المدخل الإضافي( كوها)
مصدر التصنيف او مخطط الترفيف Dewey Decimal Classification
Koha [default] item type كتاب
260 ## - PUBLICATION, DISTRIBUTION, ETC. (IMPRINT)
-- [S.N] :
-- دار الشروق ،
Holdings
حالة التراجع حالة الفقد حالة تلف ليس للاعارة المكان المؤقت الموقع الحالى تاريخ الاكتساب اجمالي اﻻعارات رقم الطلب الباركود تاريخ اخر مشاهدة تاريخ تفعيل السعر نوع وعاء كوها
        مكتبة القاهرة الكبرى مكتبة القاهرة الكبرى 03/26/2014   157.9\ر ع 131881 03/26/2014 03/26/2014 كتاب
        مكتبة القاهرة الكبرى مكتبة القاهرة الكبرى 03/26/2014   157.9\ر ع 131882 03/26/2014 03/26/2014 كتاب
        مكتبة القاهرة الكبرى مكتبة القاهرة الكبرى 03/26/2014   157.9\ر ع 131883 03/26/2014 03/26/2014 كتاب

Powered By

EGPV